000 00388nam a22001337a 4500
008 131203b xxu||||| |||| 00| 0 eng d
050 _aBX4705.C81A3
100 _aCornwell, Peter
_94804
245 _aOne step enough
_bthe story of a journey
_cPeter Cornwell
260 _aGlasgow
_bCollins
_c1986
300 _a140p.;
_c18cm.
600 _aCornwell, Peter
_94805
942 _2lcc
_cMONOGRAPH
999 _c118979
_d118979